Information sources in the life sciences

Αποθηκεύτηκε σε:
Λεπτομέρειες βιβλιογραφικής εγγραφής
Άλλοι συγγραφείς: Wyatt, Harold Vivian (Επιμελητής έκδοσης)
Μορφή: Βιβλίο
Γλώσσα:English
Δημοσίευση: London : Bowker-Saur, c1997
Έκδοση:4th ed.
Σειρά:Guides to information sources
Θέματα:
Ετικέτες: Προσθήκη ετικέτας
Δεν υπάρχουν, Καταχωρήστε ετικέτα πρώτοι!

MARC

LEADER 00000nam a2200000 i 4500
001 1/82049
008 990520s1997 eng d
020 |a 1-85739-070-9 
035 |l 10051002 
040 |a GR-MY-UA  |b gre  |e aacr 
041 0 |a eng 
082 0 |a 016.57 
245 1 0 |a Information sources in the life sciences /  |c editor, H. V. Wyatt 
250 |a 4th ed. 
260 |a London :   |b Bowker-Saur,   |c c1997 
300 |a xvi, 264 σ.;  |b εικ.;  |c 23 εκ. 
490 1 |a Guides to information sources 
504 |a Περιέχει βιβλιογραφικές παραπομπές και ευρετήριο 
650 0 0 |a Life sciences literature. 
700 1 |a Wyatt, Harold Vivian.  |4 edt 
830 0 |a Guides to information sources 
852 |a INST  |b LESVOS  |e 19990520  |h 016.57 INF  |p 005100016060  |q 005100016060  |t BK  |y 0 
901 |a BIBL1-1999-2 
909 |a Λ  |b 062260 
922 |a 1ΕΛΗ  |b 199812  |c ΚΠΣ/ΚΥΒ  |d LEADER 
950 |a 023-1998-09-14